00799nam a22002297a 4500003000400000005001700004008004100021040001800062041000800080050002400088100003700112245012500149264005700274300003600331650004000367650004100407650003000448650002400478650003500502942001500537999001700552OSt20260530115316.0260506b1997 mx ||||| |||| 00| 0 spa d aICIbspacICI aspa aBF637.C45bS96 20221 aSymons, James, M.,eautor933720 aMás claro, ni el agua :bpreguntas y respuestas sobre el agua potable que llega a nuestro hogar /cDr. James M. Symons aMéxico :bAmerican Water Works Association ,c1997 a250 páginas :bilustraciones  4aComunicación interpersonal933721 4aHabilidades de comunicación933722 4aRelaciones humanas924618 4aDesarrollo personal 4aComunicación efectiva933724 2lcccBKn1 c13599d13599